000 01224nam a22003737a 4500
003 CHAP
005 20220329133031.0
008 971013s1990 r 00010 d
010 _a1447
011 _a2419
035 _a1613
040 _cCHAP
090 _aTesis
100 0 0 _aNavar Rodríguez, Manuel.
_980500
245 _aEfecto de la adición de metionina-zinc en la producción de leche y su composición en vacas Holstein
260 _aMarín, N. L. :
_bEl autor,
_c1990
300 _a62 h.
_b; ilus. ; gráfs.
500 _a41-218
502 _aTesis (Ing. Agr. Zootecnista) -- UANL. Facultad de Agronomía
590 _aALEPH
_b10
_c20130110
_lUCH01
_h1208
590 _aBATCH-UPD
_b10
_c20130110
_lUCH01
_h1912
590 _aBATCH-UPD
_b10
_c20130410
_lUCH01
_h1238
590 _aBATCH-UPD
_b10
_c20130914
_lUCH01
_h1511
590 _aCONVERSION
_b10
_c20130109
_lUCH01
_h1302
650 1 4 _aGanado Holstein.
_945133
650 1 4 _aGanado lechero.
_945237
650 1 4 _aLeche
_xComposición.
_965363
650 1 4 _aLeche
_xProducción.
_965400
650 1 4 _aMetionina.
_975235
650 1 4 _aZinc en nutrición animal.
_9124068
901 _aBK
942 _cTESIS
949 _bBC
_cTES
_d-11100
_eTS1
_h23664
_i1613
_si
999 _c1447
_d1447